| 000 | 00881cab a2200217 4500 | ||
|---|---|---|---|
| 001 | ABS57421 | ||
| 008 | 090401t1997 xxu||||| |||| 00| 0 eng d | ||
| 035 | _a(Sirsi) u80195 | ||
| 041 | _aeng | ||
| 100 | _aBrewer, G. | ||
| 245 | _aBonded to performance? | ||
| 260 | _c1997 | ||
| 350 | _a0 | ||
| 490 |
_aContract Journal _v389(6136) 30 July 1997, 16(1) |
||
| 520 | _aConsiders performance bonds in the case of "Oval 717 Ltd v Aegon", and the implication that the courts will uphold any stipulation within a performance bond requiring that the Surety should be kept informed of the performance of the contractor under the principle contract as a condition precedent to the operation of the bond itself. | ||
| 650 | _aADMINISTRATIVE RECEIVERSHIP | ||
| 650 | _aPERFORMANCE BONDS | ||
| 690 | _aBUILT ENVIRONMENT-BUILDING CONTRACT FORMS | ||
| 942 | _n0 | ||
| 948 | _c08/08/1997 | ||
| 999 |
_c50470 _d50470 |
||